Countries with the Most Ascents of Mount Everest - Statistics

General Stats
  • This quiz has been taken 58,295 times
    58,169 since last reset
  • The average score is 17 of 20
Answer Stats
Ascents Country % Correct
435 China
99%
3620 Nepal
98%
727 United States
98%
347 India
96%
385 United Kingdom
95%
115 France
94%
171 Russia
93%
120 Canada
92%
75 Germany
92%
214 Japan
89%
98 Spain
88%
78 Italy
87%
105 Australia
86%
53 Mexico
79%
93 New Zealand
73%
42 Norway
73%
129 South Korea
71%
68 Switzerland
71%
51 Austria
68%
50 Poland
67%
No matching quizzes found
Score Distribution
Percent of People with Each Score
Percentile by Number Answered
Your Score History
You have not taken this quiz since the last reset